00467nam a22001577a 4500003000500000005001700005008004100022020001800063040000600081082002000087100002100107245007900128260003500207300000900242650005800251CEME20210628205435.0210316b xxu||||| |||| 00| 0 eng d a0-201-87043-6 c. a005.133-L CAL'L aCallery, Michael aLearning lingo the art and science of programming with macromedia director aNEW YORKbADDISON WESLEYc1996 a335P aLINGO-COMPUTER PROGRAMMING LANGUAGE MULTIMEDIA SYSTEM